| 000 | 00496nab a2200157Ia 4500 | ||
|---|---|---|---|
| 003 | ES-SlBCS | ||
| 005 | 20210601124313.0 | ||
| 008 | 140529s1984 xxu||||| |||| 00| 0 eng d | ||
| 041 | _aeng | ||
| 100 | 1 |
_aPhilips, D. C. _9139282 |
|
| 245 | 0 | 0 |
_aIn Its Final Stages? A Reply to Lapsey and Serlin _c D. C. Philips, Jennie Nicolayev |
| 650 | 0 | 4 |
_aKolhberg _9139310 |
| 700 | 1 |
_aNicolayev, Jennie _9139311 |
|
| 773 | 0 |
_tEducational Theory _gvol. 34, nº. 2, 1984, págs. 171-174 _wRev1399 |
|
| 942 | _cAR | ||
| 999 |
_c512620 _d512620 |
||